Normal view
MARC view
Entry Personal Name
001 - CONTROL NUMBER
- control field: 28478
003 - CONTROL NUMBER IDENTIFIER
- control field: ARRUPE
005 - DATE AND TIME OF LATEST TRANSACTION
- control field: 20170125160140.0
008 - FIXED-LENGTH DATA ELEMENTS
- fixed length control field: 170125|| aca||aabn | a|a d
040 ## - CATALOGING SOURCE
- Original cataloging agency: ARRUPE
- Transcribing agency: ARRUPE
100 ## - HEADING--PERSONAL NAME
- Personal name: Garbett, G. Kingsley
670 ## - SOURCE DATA FOUND
- Source citation: Work cat.: (ARRUPE)4952: Garbett, G. Kingsley, Growth and change in a Shona ward